Des Herrenbruders letzte Ruhestätte? Jakob, Josef und Jeschua auf einer Ossuar-Inschrift aus Jerusalem
| Main Author: | |
|---|---|
| Format: | Print Article |
| Language: | German |
| Check availability: | HBZ Gateway |
| Interlibrary Loan: | Interlibrary Loan for the Fachinformationsdienste (Specialized Information Services in Germany) |
| Published: |
2003
|
| In: |
Welt und Umwelt der Bibel
Year: 2003, Volume: 27, Issue: 1, Pages: 47 |
| RelBib Classification: | HC New Testament HH Archaeology |
| Further subjects: | B
Archaeology
B Epigraphy B Jakobus der Ältere, Apostel, Heiliger B Joseph of Nazareth B Ossuary B Jesus Christus |
MARC
| LEADER | 00000caa a22000002c 4500 | ||
|---|---|---|---|
| 001 | 1650336152 | ||
| 003 | DE-627 | ||
| 005 | 20211029143006.0 | ||
| 007 | tu | ||
| 008 | 190311s2003 xx ||||| 00| ||ger c | ||
| 035 | |a (DE-627)1650336152 | ||
| 035 | |a (DE-576)519322134 | ||
| 035 | |a (DE-599)BSZ519322134 | ||
| 040 | |a DE-627 |b ger |c DE-627 |e rakwb | ||
| 041 | |a ger | ||
| 084 | |a 1 |a 0 |2 ssgn | ||
| 100 | 1 | |0 (DE-588)113946341 |0 (DE-627)503361372 |0 (DE-576)172289378 |4 aut |a Zangenberg, Jürgen |d 1964- | |
| 109 | |a Zangenberg, Jürgen 1964- |a Zangenberg, Jürgen K. 1964- | ||
| 245 | 1 | 4 | |a Des Herrenbruders letzte Ruhestätte? Jakob, Josef und Jeschua auf einer Ossuar-Inschrift aus Jerusalem |
| 264 | 1 | |c 2003 | |
| 336 | |a Text |b txt |2 rdacontent | ||
| 337 | |a ohne Hilfsmittel zu benutzen |b n |2 rdamedia | ||
| 338 | |a Band |b nc |2 rdacarrier | ||
| 600 | 0 | 7 | |0 (DE-588)118556800 |0 (DE-627)079354106 |0 (DE-576)208977147 |a Jakobus |c der Ältere, Apostel, Heiliger |2 gnd |
| 600 | 0 | 7 | |0 (DE-588)118558382 |0 (DE-627)079355579 |0 (DE-576)208979301 |a Josef |c von Nazaret, Heiliger, Biblische Person |2 gnd |
| 600 | 0 | 7 | |0 (DE-588)118557513 |0 (DE-627)079354688 |0 (DE-576)208978216 |a Jesus Christus |2 gnd |
| 601 | |a Jerusalem | ||
| 650 | 0 | 7 | |0 (DE-588)4152508-5 |0 (DE-627)104602953 |0 (DE-576)20979609X |a Epigraphik |2 gnd |
| 650 | 0 | 7 | |0 (DE-588)4002827-6 |0 (DE-627)104459425 |0 (DE-576)208848878 |a Archäologie |2 gnd |
| 650 | 0 | 7 | |0 (DE-588)4172918-3 |0 (DE-627)105383791 |0 (DE-576)209946652 |a Ossuar |2 gnd |
| 652 | |a HC:HH | ||
| 773 | 0 | 8 | |i In |t Welt und Umwelt der Bibel |d Stuttgart : Kath. Bibelwerk, Ed. "Welt und Umwelt der Bibel", 1996 |g 27(2003), 1, Seite 47 |w (DE-627)211588288 |w (DE-600)1319822-1 |w (DE-576)058237992 |x 1431-2379 |7 nnas |
| 773 | 1 | 8 | |g volume:27 |g year:2003 |g number:1 |g pages:47 |
| 935 | |a BIIN | ||
| 951 | |a AR | ||
| BIB | |a 1 | ||
| ELC | |b 1 | ||
| ITA | |a 1 |t 1 | ||
| LOK | |0 000 xxxxxcx a22 zn 4500 | ||
| LOK | |0 001 3336584566 | ||
| LOK | |0 003 DE-627 | ||
| LOK | |0 004 1650336152 | ||
| LOK | |0 005 20190311203304 | ||
| LOK | |0 008 190311||||||||||||||||ger||||||| | ||
| LOK | |0 035 |a (DE-Tue135-1)137362 | ||
| LOK | |0 040 |a DE-Tue135-1 |c DE-627 |d DE-Tue135-1 | ||
| LOK | |0 852 |a DE-Tue135-1 | ||
| LOK | |0 852 1 |c FTHNT097866/27/ZGJ/2 |m p |9 00 | ||
| LOK | |0 852 2 |b Z 4/888 |9 00 | ||
| LOK | |0 935 |a iZSA | ||
| LOK | |0 936ln |0 1442044187 |a HH | ||
| LOK | |0 936ln |0 1442044136 |a HC | ||
| LOK | |0 938 |k p | ||
| LOK | |0 939 |a 11-03-19 |b l12 | ||
| ORI | |a SA-MARC-ixtheoa001.raw | ||
| REL | |a 1 | ||
| STA | 0 | 0 | |a Archaeology,Archaeology,Archeology,Epigraphy,Inscription studies,Ossuary |
| STB | 0 | 0 | |a Archéologie,Archéologie,Ossuaire,Épigraphie |
| STC | 0 | 0 | |a Arqueología,Arqueología,Epigrafía,Osuario |
| STD | 0 | 0 | |a Archeologia,Archeologia,Epigrafia,Ossuario |
| STE | 0 | 0 | |a 纳骨塔,骨灰瓮,考古学,考古学,铭刻学,金石学 |
| STF | 0 | 0 | |a 納骨塔,骨灰甕,考古學,考古學,銘刻學,金石學 |
| STG | 0 | 0 | |a Arqueologia,Arqueologia,Epigrafia,Ossuário |
| STH | 0 | 0 | |a Археология (мотив),Археология,Оссуарий,Эпиграфика |
| STI | 0 | 0 | |a Αρχαιολογία (μοτίβο),Αρχαιολογία,Επιγραφική,Οστεοφυλάκιο |
| SUB | |a BIB |a REL | ||
| SYA | 0 | 0 | |a Jakobus,Apostel,Hakobos,Aṙak'yal,Iakōbos,Apostolos,Jacobus,der Ältere,Jacobus,von Compostela,Jakobus,von Compostela,Jakob,von Compostela,Jakobus,Sohn des Zebedäus,Jakobus,Biblische Person,Santiago,Santo,Santiago,el Mayor,Santiago,Apostol,Iacobus,Apostolus,Jacobus,Jacobus,Apostel,Jakob,Apostel,Jacobus,Frater Domini,Jacobus,Sanctus,Jacques,Saint,James,Saint,Jakobus,Iacobus,Giacomo,Apostolus,Jakov,Erusalim, episkop,Tiago,Saõ,Jakov,Erusalimski,Jacobus,Apostolus,Pseudo-Jacobus,Apostolus,Saint James,the Greater , Josef,von Nazareth, Heiliger, Biblische Person,Joseph,von Nazaret, Heiliger, Biblische Person,Joseph,von Nazareth, Heiliger, Biblische Person,Josef,Mann Marias,Joseph,Mann Marias,Josef,Nährvater Jesu,Joseph,Nährvater Jesu,Josef,Ziehvater Jesu,Joseph,Ziehvater Jesu,Josef,von Nazaret, Biblische Person,Joseph,von Nazareth, Biblische Person , Yeshuʿa,Yeshua,Iesus Nazarenus Rex Iudaeorum,Iesu Keriso,Jẽzaus Kristaus,Jésus-Christ,Iēsus,ho Nazōraios,Gesù Cristo,Ješūʿa,Isus Hristos,Jisous Khristos,Jesú Krist,Iĩsa Chrtá,Jezus Chrystus,Jezus,Jeschua,Jesus,of Nazareth,Iesu Kristo,Chesus Christ,Jhesus Christus,Jésus,le Christ,Jesus,Nazarenus,Jésus,de Nazareth,Jesucristo,Jesus Christ,Jesuo Kristo,Jesusse Kristusse,Jesuse Kristuse,Jesuksen Kristuksen,Jesu Kristo,Jesus Kristus,Yasūʿ,Yeshu,Hisows K'ristos,Ieso K'riste,Iēsus Christos,Iisus Christos,ʿĪsā Ibn-Maryam,Christus,Jesus,von Nazareth,Jesus,von Nazaret,Cristo,Jesus,Ye su,Yesu,Ye, Su , Ješiša Krista,Gesù |
| SYE | 0 | 0 | |a Inschriftenkunde,Epigrafik , Archaeology,Altertumskunde |



